| 000 | 00751nam a22002297a 4500 | ||
|---|---|---|---|
| 999 |
_c16228 _d16228 |
||
| 003 | AR-CdUCM | ||
| 008 | 190502b ||||| |||| 00| 0 spa d | ||
| 040 |
_aMUNICIPALIDAD PROVINCIAL DEL CUSCO _cBIBLIOTECA MUNICIPAL DEL CUSCO |
||
| 082 |
_a848.5 / _bL3 |
||
| 100 |
_aLesage, Alano R. _935548 |
||
| 245 |
_aAventuras de Gil Blas de Santillana : _bnovela / |
||
| 260 |
_aBuenos Aires : _bSopena Argentina, _c1941. |
||
| 300 |
_a219 páginas ; _c23 cm. |
||
| 440 |
_aBiblioteca mundial Sopena ; _910296 |
||
| 505 | _aNovela | ||
| 650 |
_aNovelas de costumbre _913729 |
||
| 650 |
_aNovelas francesas _9571 |
||
| 650 |
_aSiglo XVII. _92242 |
||
| 700 |
_aIsla, José Francisco De (traductor) _935549 |
||
| 942 |
_2ddc _cLIBROS |
||
| 945 |
_aacv _d2019-05-02 |
||